GIOVANE GUARDIA (LA) (Record n. 106818)

Dettagli MARC
000 -LEADER
fixed length control field 01432agaaa2200337 4500
001 - CONTROL NUMBER
control field 1543
003 - CONTROL NUMBER IDENTIFIER
control field IT-RoPAU
005 - DATE AND TIME OF LATEST TRANSACTION
control field 20220918181251.0
007 - PHYSICAL DESCRIPTION FIXED FIELD--GENERAL INFORMATION
fixed length control field d cvaizq
008 - FIXED-LENGTH DATA ELEMENTS--GENERAL INFORMATION
fixed length control field 50131s9999||||xx ||| | || ||und||
040 ## - CATALOGING SOURCE
Original cataloging agency IT-RoPAU
Transcribing agency IT-RoPAU
041 ## - LANGUAGE CODE
Language code of text/sound track or separate title ITALIANO
100 ## - MAIN ENTRY--PERSONAL NAME
Personal name Gherassimov Sergej
Miscellaneous information Codice regista SPICS: 485
9 (RLIN) 48917
130 ## - MAIN ENTRY--UNIFORM TITLE
Uniform title GIOVANE GUARDIA (LA)
9 (RLIN) 48918
240 ## - UNIFORM TITLE
Uniform title MOLODOJA GVARDIA
Miscellaneous information T1676
245 ## - TITLE STATEMENT
Title GIOVANE GUARDIA (LA)
Statement of responsibility, etc. Sceneggiatura: Gherassimov Sergej -- Diretto da: Gherassimov Sergej
Name of part/section of a work GIOVANE GUARDIA (LA) (Rif. Codice opera principale : 21543)
246 ## - VARYING FORM OF TITLE
Title proper/short title MOLODOJA GVARDIA
250 ## - EDITION STATEMENT
Edition statement Edizione Standard
260 ## - PUBLICATION, DISTRIBUTION, ETC. (IMPRINT)
Place of publication, distribution, etc. MOSCA (RUSSIA)
Name of publisher, distributor, etc. SOJUZDETFILM / Distribuzione: RAI
Date of manufacture "1947 (1° ed.: 1983 ; Ed. Lingua Orig.: 1947)"
300 ## - PHYSICAL DESCRIPTION
Extent VHS
Other physical details sonoro, b&w
Dimensions 120 minuti
508 ## - CREATION/PRODUCTION CREDITS NOTE
Creation/production credits note "Musica: Sostakovic Dmitrij; Sceneggiatura: Gherassimov Sergej; "
511 ## - PARTICIPANT OR PERFORMER NOTE
Participant or performer note "Makarova Tamara; Makarova Inna; Gurzo Sergej; Ivanov V.; Khokhrjakov V."
520 ## - SUMMARY, ETC.
Summary, etc. FILM IN BIANCO E NERO GUERRA TEDESCHI RUSSIA
538 ## - SYSTEM DETAILS NOTE
System details note PAL, STEREO
546 ## - LANGUAGE NOTE
Language note ITALIANO
650 ## - SUBJECT ADDED ENTRY--TOPICAL TERM
Topical term or geographic name as entry element DRAMMATICO
Relator term FILMS [VHS]
General subdivision Codice MATERIA SPICS: 9960
9 (RLIN) 34083
700 ## - ADDED ENTRY--PERSONAL NAME
Personal name Gherassimov Sergej
Relator term (regista)
Miscellaneous information Codice regista SPICS: 485
9 (RLIN) 48919
700 ## - ADDED ENTRY--PERSONAL NAME
Personal name Gherassimov Sergej
Relator term (soggetto)
Miscellaneous information Codice Soggetto SPICS: 485
9 (RLIN) 48920
700 ## - ADDED ENTRY--PERSONAL NAME
Personal name Sostakovic Dmitrij
Relator term (musica)
Miscellaneous information Codice Musica SPICS: 1111
9 (RLIN) 48921
942 ## - ADDED ENTRY ELEMENTS (KOHA)
Koha item type VHS - VIDEO
Source of classification or shelving scheme Dewey Decimal Classification
Dati di copia
Withdrawn status Lost status Damaged status Not for loan Home library Current library Date acquired Total Checkouts Full call number Date last seen Price effective from Koha item type Public note
    Buone Condizioni Not For Loan SPICS-MEDIATECA SPICS-MEDIATECA 31/01/2015   21543 31/01/2015 31/01/2015 VHS - VIDEO Progr. Ins.: 1339 / N.Vol.:1 / Copie: 1 / Pag.: / Copia rara: n.d. / date import: 1.2.2015 / By Epidotti, Trombetti, Vaglietti
CREDITS: SOCIETA' SAN PAOLO Via A.Severo, 58 - ROMA (RM) & PERIODICI SAN PAOLO SRL Via Giotto, 36 MILANO & CISF Via Giotto, 36 MILANO & EDIZIONI SAN PAOLO SRL,  Piazza Soncino, 5 CINISELLO BALSAMO (MI) -- ITALY